Frédéric III : le prince héritier - l'empereur (Record no. 180510)
[ view plain ]
| 000 -LEADER | |
|---|---|
| campo de control de longitud fija | 00790nam a2200181 i 4500 |
| 001 - NÚMERO DE CONTROL | |
| campo de control | 180510 |
| 003 - IDENTIFICADOR DE NÚMERO DE CONTROL | |
| campo de control | ES-MaACL |
| 005 - FECHA Y HORA DE LA ÚLTIMA TRANSACCIÓN | |
| campo de control | 20230906221122.0 |
| 008 - DATOS DE LONGITUD FIJA--INFORMACIÓN GENERAL | |
| campo de control de longitud fija | 120608s1888 fr |||| | fre d |
| 100 0# - ENTRADA PRINCIPAL--NOMBRE DE PERSONA | |
| Nombre de persona | Rodd, Rennell. |
| 9 (RLIN) | 98102 |
| 245 10 - MENCIÓN DEL TÍTULO | |
| Título | Frédéric III : le prince héritier - l'empereur |
| Resto del título | : esquisse bibliographique dédiée à sa mémoire / |
| Mención de responsabilidad, etc. | par Rennell Rodd ; publié sous la direction et avec une introduction S. M. l'impératrice Frédéric. |
| 250 ## - MENCION DE EDICION | |
| Mención de edición | 7em. ed. |
| 260 ## - PUBLICACIÓN, DISTRIBUCIÓN, ETC. | |
| Lugar de publicación, distribución, etc. | Paris : |
| Nombre del editor, distribuidor, etc. | Paul Ollendorff, |
| Fecha de publicación, distribución, etc. | 1888. |
| 300 ## - DESCRIPCIÓN FÍSICA | |
| Extensión | 285 p., [1] h. de lám. ; |
| Dimensiones | 19 cm. |
| 600 14 - PUNTO DE ACCESO ADICIONAL DE MATERIA--NOMBRE DE PERSONA | |
| Nombre de persona | Federico |
| Numeración | III |
| Títulos y otros términos asociados al nombre | Emperador del Sacro Imperio Romano Germánico. |
| 9 (RLIN) | 150451 |
| 700 1# - ENTRADA AGREGADA--NOMBRE PERSONAL | |
| Nombre de persona | Victoria Adelaida, |
| Títulos y otros términos asociados al nombre | Emperatriz de Alemania. |
| 9 (RLIN) | 150452 |
| 852 ## - LOCALIZACIÓN | |
| Ubicación | ES-MaACL |
| Número de control de estantería | D-3538 |
| Nota libre | .- Legado M. de la Fuente |
| Estatus retirado | Estado de pérdida | Estado de daño | No para préstamo | Colección | Biblioteca de origen | Biblioteca actual | Ubicación en estantería | Fecha de adquisición | Fuente de adquisición | Total de préstamos | Signatura topográfica completa | Código de barras | Visto por última vez | Precio de reemplazo | Tipo de ítem Koha |
|---|---|---|---|---|---|---|---|---|---|---|---|---|---|---|---|
| Libros del s. XIX | Biblioteca del Ateneo de Madrid | Biblioteca del Ateneo de Madrid | Sala Valle Inclán | 08/06/2012 | D-3538 | 901189673 | 23/02/2023 | 23/02/2023 | Libro impreso antiguo |
